000 01602cam a22004214i 4500
003 PE-LiUPU
005 20250731175645.0
008 150616s r 000 0 d
020 _a1556710070
035 _a(Sirsi) i9781556710070
040 _aPE-LiUPU
_bspa
_cPE-LiUPU
_erda
049 _aPRUA
082 0 4 _a492.415
_bB39
_221
100 1 _aBergen, Robert D.,
_eautor.
245 1 0 _aBiblical Hebrew and Discourse Linguistics /
_ceditado por Robert D. Bergen.
264 1 _aDallas :
_bSummer Institute of Linguistcs,
_c1994.
300 _a560 páginas ;
_c23 centímetros
336 _atext
_2rdacontent
337 _aunmediated
_2rdamedia
338 _avolume
_2rdacarrier
505 0 _aGrammatical, Syntactical, and Accent Studies.- Narrative genre.- Topics Relating to Nonnarrative Genres.
526 _aP145
526 _aP127
526 _aP97
526 _aP35
526 _aP14
526 _aP07
630 _aBiblia.
_pA.T.
_xLenguaje, estilo
_vCongresos.
650 0 4 _aHebreo bíblico
_xAnálisis del discurso
_vCongresos.
650 0 4 _aNarración en la Biblia
_xCongresos.
910 _ajck
_bjvq
_cjck
942 _2ddc
_cBOOK
949 _a492.415 B39
_wDEWEY
_c1
_i41295
_lCCODEBUL1
_mBUL
_r0
_sY
_tBOOK
_u2015-6-16
_xTEOLOGIA
_zUNKNOWN
_0COMPRA
_o.STAFF. Colección General
994 _aC0
_bPEPRU
596 _a1
999 _a492.415 B39
_wDEWEY
_c59062
_i41295
_d59062
_e2022-6-30
_f2021-11-11
_g5
_lCCODEBUL1
_mBUL
_n1
_r0
_sY
_tBOOK
_u2015-6-16
_xTEOLOGIA
_zUNKNOWN
_0COMPRA
_o.STAFF. Colección General
980 _81
_gALBERTO SANCHEZ Responsable de Automatización